Protección del cuerpo contra las enfermedades /

Gérmenes que pueden causar enfermedades y sistemas de protección. Métodos para que los gérmenes no dañen nuestro cuerpo.

Guardado en:
Autor Corporativo: Videopedia Britannica.
Formato: Deslizar
Materias:
Etiquetas: Agregar Etiqueta
Sin Etiquetas, Sea el primero en etiquetar este registro!
LEADER 00912ngm a22002655g 4500
001 CEM.cems021570
008 130507b199?##################0###0#####d
005 20240828164500.0
245 1 0 |a Protección del cuerpo contra las enfermedades /  |c Videopedia Britannica 
300 |a 8 
500 |a En soporte VHS, consultar en ventanilla. 
520 |a Gérmenes que pueden causar enfermedades y sistemas de protección. Métodos para que los gérmenes no dañen nuestro cuerpo. 
538 |a Soporte: VHS - Norma: Pal N - Color - Compra CEMS - Hitachi=1390 
110 2 |a Videopedia Britannica. 
082 6 1 |/ VID 
653 |a INMUNIDAD 
653 |a HIGIENE 
653 |a ANATOMIA 
653 |a BIOLOGIA 
653 |a ENFERMEDADES 
653 |a GERMENES 
653 |a DEFENSAS 
653 |a CUERPO HUMANO 
653 |a NIVEL SECUNDARIO 
859 |a CEMS  |b BIB. CEMS - Depto. Recursos Didacticos  |h 612  |i VID  |k DRD  |p 213.12  |t Ej.1